[Event "Istanbul Open 2019"]
[Site "Istanbul"]
[Date "2019.08.28"]
[Round "4.6"]
[White "Nuri, Murad"]
[Black "Konuk, Ali"]
[Result "1-0"]
[WhiteElo "2291"]
[BlackElo "1791"]
[Annotator "NA"]
[PlyCount "75"]
[EventDate "2019.08.26"]
[EventType "swiss"]
[EventCountry "TUR"]
[SourceTitle "playchess.com"]
[Source "ChessBase"]
[SourceQuality "1"]
[TimeControl "5400+30"]

1. e4 {[%emt 0:00:30]} c6 {[%emt 0:00:30]} 2. d4 {[%emt 0:01:30]} d5 {[%emt 0:00:00]} 3. e5 {[%emt 0:00:00]} Bf5 {[%emt 0:00:00]} 4. Nf3 {[%emt 0:03:00]} e6 {[%emt 0:00:30]} 5. Be2 {[%emt 0:00:30]} Nd7 {[%emt 0:00:30]} 6. O-O {[%emt 0:01:30]} h6 {[%emt 0:00:30]} 7. b3 {[%emt 0:03:30]} Ne7 {[%emt 0:01:30]} 8. c4 {[%emt 0:02:30]} g5 {[%emt 0:01:30]} 9. Nc3 {[%emt 0:02:30]} Nb6 {[%emt 0:02:30]} 10. Be3 {[%emt 0:07:30]} Bg6 {[%emt 0:01:30]} 11. c5 {[%emt 0:02:30]} Nd7 {[%emt 0:00:30]} 12. b4 {[%emt 0:00:00]} Nf5 {[%emt 0:00:30]} 13. b5 {[%emt 0:01:00]} f6 {[%emt 0:01:30]} 14. bxc6 {[%emt 0:01:30]} bxc6 {[%emt 0:00:30]} 15. Qa4 {[%emt 0:01:30]} Qc7 {[%emt 0:00:00]} 16. exf6 {[%emt 0:00:00]} Kf7 {[%emt 0:02:00]} 17. Bd2 {[%emt 0:24:00]} Kxf6 {[%emt 0:02:30]} 18. g4 {[%emt 0:00:30]} Ne7 {[%emt 0:05:30]} 19. Ne5 {[%emt 0:00:30]} Nxe5 {[%emt 0:00:30]} 20. dxe5+ {[%emt 0:00:30]} Kg7 {[%emt 0:03:30]} 21. Qd4 {[%emt 0:01:30]} Kg8 {[%emt 0:15:30]} 22. Rae1 {[%emt 0:12:30]} Bg7 {[%emt 0:00:30]} 23. f4 {[%emt 0:09:30]} Rf8 {[%emt 0:01:30]} 24. fxg5 {[%emt 0:04:53]} Bxe5 {[%emt 0:02:30]} 25. Rxf8+ {[%emt 0:00:15]} Kxf8 {[%emt 0:00:30]} 26. Qf2+ {[%emt 0:03:21]} Ke8 {[%emt 0:01:30]} 27. gxh6 {[%emt 0:00:42]} d4 {[%emt 0:01:30]} 28. Nb5 {[%emt 0:00:47]} cxb5 {[%emt 0:01:30]} 29. Bxb5+ {[%emt 0:00:56]} Kd8 {[%emt 0:00:30]} 30. Bf4 {[%emt 0:01:44]} Bxf4 {[%emt 0:02:30]} 31. Qxd4+ {[%emt 0:00:01]} Nd5 {[%emt 0:00:30]} 32. Qxh8+ {[%emt 0:00:08]} Ke7 {[%emt 0:00:00]} 33. Qg7+ {[%emt 0:01:34]} Bf7 {[%emt 0:00:00]} 34. Be8 {[%emt 0:00:09]} Qxc5+ {[%emt 0:01:30]} 35. Kh1 {[%emt 0:00:55]} Kxe8 {[%emt 0:08:30]} 36. h7 {[%emt 0:00:04]} Ne7 {[%emt 0:02:30]} 37. h8=Q+ {[%emt 0:00:11]} Ng8 {[%emt 0:01:30]} 38. Qhxg8+ {[%emt 0:00:13]} 1-0

[Event "Istanbul Open 2019"]
[Site "Istanbul"]
[Date "2019.08.28"]
[Round "4.7"]
[White "Demirbas, Emre"]
[Black "Darban, Morteza"]
[Result "0-1"]
[WhiteElo "1879"]
[BlackElo "2280"]
[Annotator "ChessBase"]
[PlyCount "90"]
[EventDate "2019.08.26"]
[EventType "swiss"]
[EventCountry "TUR"]
[SourceTitle "playchess.com"]
[Source "ChessBase"]
[SourceQuality "1"]
[TimeControl "5400+30"]

1. e4 g6 2. d4 Bg7 3. Nc3 d6 4. f4 a6 5. Nf3 b5 6. Bd3 Bb7 7. O-O Nd7 8. e5 Nh6 9. Qe2 O-O 10. Be3 c5 11. dxc5 Ng4 12. Rad1 dxe5 13. Nxe5 Ndxe5 14. fxe5 Qc8 15. Be4 Bxe4 16. Nxe4 Nxe3 17. Qxe3 Qe6 18. Nc3 Qxe5 19. Qxe5 Bxe5 20. Nd5 Bxb2 21. Nxe7+ Kg7 22. Rd7 Ba3 23. c6 Rae8 24. Re1 Bxe7 25. Rexe7 Rxe7 26. Rxe7 Rc8 27. c7 Kf6 28. Rd7 Ke6 29. Rd3 Rxc7 30. c3 {[%emt 1:44:22]} Rd7 {[%emt 1:44:17]} 31. Re3+ {[%emt 0:00:30]} Kd5 {[%emt 0:00:38]} 32. Kf2 {[%emt 0:00:30]} Rd6 {[%emt 0:00:41]} 33. Rf3 {[%emt 0:00:30]} f5 {[%emt 0:00:06]} 34. Ke2 {[%emt 0:00:40]} Kc4 {[%emt 0:00:30]} 35. h4 {[%emt 0:00:39]} Re6+ {[%emt 0:00:30]} 36. Kd2 {[%emt 0:00:38]} Re4 {[%emt 0:00:30]} 37. g3 {[%emt 0:00:14]} Kd5 {[%emt 0:00:02]} 38. Rd3+ {[%emt 0:00:15]} Ke6 {[%emt 0:00:30]} 39. Rd8 {[%emt 0:00:29]} Ra4 {[%emt 0:00:12]} 40. Kd3 {[%emt 0:00:39]} Rxa2 {[%emt 0:00:08]} 41. Re8+ {[%emt 0:00:20]} Kf6 {[%emt 0:01:14]} 42. Kd4 {[%emt 0:00:21]} Ra4+ {[%emt 0:00:27]} 43. Kd5 {[%emt 0:00:17]} Re4 {[%emt 0:00:26]} 44. Ra8 {[%emt 0:00:38]} Ra4 {[%emt 0:01:17]} 45. Re8 {[%emt 0:00:05]} Rc4 {[%emt 0:00:18]} 0-1

[Event "Istanbul Open 2019"]
[Site "Istanbul"]
[Date "2019.08.28"]
[Round "4.8"]
[White "Yarar, Muammer Atakan"]
[Black "Aliakbarov, Anar"]
[Result "1-0"]
[WhiteElo "1779"]
[BlackElo "2265"]
[Annotator "ChessBase"]
[PlyCount "69"]
[EventDate "2019.08.26"]
[EventType "swiss"]
[EventCountry "TUR"]
[SourceTitle "playchess.com"]
[Source "ChessBase"]
[SourceQuality "1"]
[TimeControl "5400+30"]

1. d4 Nf6 2. c4 g6 3. Nc3 Bg7 4. e4 d6 5. Be2 O-O 6. Nf3 e5 7. Be3 Nc6 8. O-O Ng4 9. Bg5 f6 10. Bh4 g5 11. Bg3 Nh6 12. dxe5 fxe5 13. Nd5 g4 14. Bh4 gxf3 15. Bxd8 fxe2 16. Qxe2 Rxd8 17. Nxc7 Nd4 18. Qd3 Rb8 19. a4 Nf7 20. b4 Be6 21. Nxe6 Nxe6 22. g3 Nd4 23. f4 exf4 24. gxf4 Kh8 25. Kh1 Rg8 26. Rg1 Bf6 27. Rxg8+ Rxg8 28. Rg1 Rxg1+ 29. Kxg1 Nd8 30. e5 dxe5 31. fxe5 Bxe5 32. Qe4 Bf6 33. a5 N4c6 34. Qe8+ Kg7 35. Qd7+ {[%emt 1:43:37]} 1-0

[Event "Istanbul Open 2019"]
[Site "Istanbul"]
[Date "2019.08.28"]
[Round "4.9"]
[White "Ozsakallioglu, Okan"]
[Black "Yaylali, Adnan Dogan"]
[Result "1-0"]
[WhiteElo "2324"]
[BlackElo "1982"]
[Annotator "TA"]
[PlyCount "83"]
[EventDate "2019.08.26"]
[EventType "swiss"]
[EventCountry "TUR"]
[SourceTitle "playchess.com"]
[Source "ChessBase"]
[SourceQuality "1"]

{[%evp 9,83,9,14,-6,-5,-47,-54,-51,-37,-37,33,27,15,11,23,17,11,17,89,84,96,81,91,85,79,58,55,0,0,0,0,0,66,68,530,530,554,553,541,526,500,422,386,215,212,219,220,197,243,236,244,249,249,248,247,223,249,241,270,214,291,274,327,324,316,267,312,308,300,301,320,311,335,327,387,383]} 1. Nf3 b6 2. e4 Bb7 3. Nc3 e6 4. d4 Bb4 5. e5 (5. Bd3 Nf6 6. Qe2 d5 7. exd5 Qxd5 8. O-O Bxc3 9. bxc3 Nbd7 10. c4 Qh5 11. Bf4 Rc8 12. a4 a5 13. Rab1 O-O 14. Rb5 c5 15. dxc5 Rxc5 {0-1 (29) Eljanov,P (2734)-Carlsen,M (2827) Douglas 2017}) 5... d6 6. Bf4 $146 {B00: Queen's Fianchetto Defence, Nimzowitsch Defence} ({Predecessor:} 6. Bd2 dxe5 7. Nxe5 Qxd4 8. Nd3 Nc6 9. a3 Be7 10. Qf3 Nf6 11. Nb5 Qd7 12. Ne5 Nxe5 13. Qxb7 {½-½ (38) Koinski,C-Kim,T (1378) Joinville 2017}) 6... Ne7 7. a3 Bxc3+ 8. bxc3 {Black is slightly better.} O-O 9. Bd3 {[#] And now Bxh7+! would win.} f6 (9... Ng6 $15 10. Bg5 Qd7) 10. exf6 $14 Rxf6 11. Bg5 $36 {[%mdl 2048] Black is under pressure.} Rf7 12. Nh4 {Strongly threatening Bxh7+!} h6 13. Bd2 Nd5 {[#]} (13... e5 $11 {remains equal.}) 14. Qg4 $1 $16 Qf6 15. O-O Nf4 16. Rae1 Nd7 17. Be4 (17. Bxf4 $5 Qxf4 18. Qh3 $14 (18. Qxe6 Qxh4 19. Bg6 {[%mdl 64] Pin} Qf6 $17)) 17... d5 18. Bg6 (18. Bd3 $14) 18... Nxg6 $11 19. Nxg6 Re8 {aiming for ...Ba6.} 20. f4 c5 (20... Ba6 $11 21. Rf3 Kh7) 21. f5 $14 e5 $2 {[%mdl 8192]} (21... Ba6 $14) 22. dxe5 $18 Nxe5 23. Qg3 Ba6 24. Nxe5 Bxf1 25. Nxf7 Rxe1 26. Qxe1 ({Weaker is} 26. Bxe1 Qxf7 27. Kxf1 Qxf5+ 28. Qf2 Qf7 $18) (26. Nxh6+ $142 Kh7 27. Qxe1) 26... Bb5 27. Ne5 {g4 is the strong threat.} Qxf5 28. Nf3 Qxc2 29. Qe6+ Kh7 30. Qxd5 Qg6 {intending ...Bc6.} 31. Kf2 Bc6 32. Qc4 Qf5 33. Qe2 Be4 34. h4 Qd5 35. Bf4 a5 36. Kg3 Qf5 37. Nd2 Bd5 38. c4 Bc6 39. Nf3 Be4 40. Ne5 a4 41. Qg4 Qf6 42. Qd7 {Accuracy: White = 72%, Black = 42%.} 1-0

[Event "Istanbul Open 2019"]
[Site "Istanbul"]
[Date "2019.08.28"]
[Round "4.10"]
[White "Emir, Emirhan"]
[Black "Citak, Selim"]
[Result "1/2-1/2"]
[WhiteElo "1952"]
[BlackElo "2263"]
[Annotator "NA"]
[PlyCount "60"]
[EventDate "2019.08.26"]
[EventType "swiss"]
[EventCountry "TUR"]
[SourceTitle "playchess.com"]
[Source "ChessBase"]
[SourceQuality "1"]
[TimeControl "5400+30"]

1. c4 {[%emt 0:01:30]} Nc6 {[%emt 0:00:30]} 2. Nc3 {[%emt 0:00:30]} e5 {[%emt 0:00:30]} 3. g3 {[%emt 0:00:30]} g6 {[%emt 0:00:30]} 4. Bg2 {[%emt 0:00:30]} Bg7 {[%emt 0:00:30]} 5. d3 {[%emt 0:00:00]} d6 {[%emt 0:00:00]} 6. e3 {[%emt 0:01:00]} f5 {[%emt 0:02:00]} 7. Nge2 {[%emt 0:00:30]} Nf6 {[%emt 0:00:30]} 8. Rb1 {[%emt 0:01:30]} Be6 {[%emt 0:06:30]} 9. Nd5 {[%emt 0:03:30]} a5 {[%emt 0:00:00]} 10. O-O {[%emt 0:04:30]} O-O {[%emt 0:00:00]} 11. Nec3 {[%emt 0:03:30]} g5 {[%emt 0:07:30]} 12. f4 {[%emt 0:06:30]} gxf4 {[%emt 0:00:30]} 13. gxf4 {[%emt 0:03:30]} Kh8 {[%emt 0:02:30]} 14. a3 {[%emt 0:03:30]} Rg8 {[%emt 0:01:30]} 15. b4 {[%emt 0:06:30]} axb4 {[%emt 0:00:30]} 16. axb4 {[%emt 0:00:30]} e4 {[%emt 0:14:30]} 17. Bb2 {[%emt 0:09:30]} Bxd5 {[%emt 0:03:30]} 18. Nxd5 {[%emt 0:01:30]} Nxd5 {[%emt 0:00:30]} 19. cxd5 {[%emt 0:00:30]} Ne7 {[%emt 0:00:30]} 20. dxe4 {[%emt 0:02:30]} fxe4 {[%emt 0:01:30]} 21. Kh1 {[%emt 0:01:30]} Bxb2 {[%emt 0:12:30]} 22. Rxb2 {[%emt 0:00:00]} Nf5 {[%emt 0:00:00]} 23. Bxe4 {[%emt 0:06:00]} Qf6 {[%emt 0:00:00]} 24. Re2 {[%emt 0:00:30]} Nh4 {[%emt 0:00:30]} 25. Qd4 {[%emt 0:05:30]} Qxd4 {[%emt 0:00:30]} 26. exd4 {[%emt 0:00:00]} Ra4 {[%emt 0:03:30]} 27. Bb1 {[%emt 0:14:00]} Rxb4 {[%emt 0:02:30]} 28. Re7 {[%emt 0:00:30]} Rg7 {[%emt 0:00:30]} 29. Re8+ {[%emt 0:00:30]} Rg8 {[%emt 0:00:30]} 30. Re7 {[%emt 0:00:30]} Rg7 {[%emt 0:01:30]} 1/2-1/2

[Event "Istanbul Open 2019"]
[Site "Istanbul"]
[Date "2019.08.28"]
[Round "4.11"]
[White "Akin, Yagiz Cinar"]
[Black "Mammadov, Sadig"]
[Result "0-1"]
[WhiteElo "1953"]
[BlackElo "2243"]
[Annotator "NA"]
[PlyCount "70"]
[EventDate "2019.08.26"]
[EventType "swiss"]
[EventCountry "TUR"]
[SourceTitle "playchess.com"]
[Source "ChessBase"]
[SourceQuality "1"]
[TimeControl "5400+30"]

1. g3 {[%emt 0:00:30]} Nf6 {[%emt 0:00:30]} 2. Bg2 {[%emt 0:00:00]} d5 {[%emt 0:00:30]} 3. c4 {[%emt 0:00:00]} c6 {[%emt 0:00:30]} 4. d4 {[%emt 0:00:30]} dxc4 {[%emt 0:00:30]} 5. Nf3 {[%emt 0:01:30]} Bf5 {[%emt 0:03:30]} 6. O-O {[%emt 0:04:30]} e6 {[%emt 0:03:30]} 7. Nc3 {[%emt 0:02:30]} Nbd7 {[%emt 0:11:30]} 8. Nh4 {[%emt 0:09:30]} Bg6 {[%emt 0:02:30]} 9. Nxg6 {[%emt 0:00:30]} hxg6 {[%emt 0:00:00]} 10. e4 {[%emt 0:00:30]} e5 {[%emt 0:09:00]} 11. d5 {[%emt 0:06:30]} Bc5 {[%emt 0:00:30]} 12. dxc6 {[%emt 0:05:30]} bxc6 {[%emt 0:00:30]} 13. Qe2 {[%emt 0:05:30]} Nb6 {[%emt 0:01:30]} 14. Rd1 {[%emt 0:02:30]} Bd4 {[%emt 0:06:30]} 15. Be3 {[%emt 0:00:30]} c5 {[%emt 0:00:30]} 16. Nd5 {[%emt 0:01:30]} O-O {[%emt 0:08:30]} 17. Nxb6 {[%emt 0:04:30]} Qxb6 {[%emt 0:00:30]} 18. Bxd4 {[%emt 0:00:30]} cxd4 {[%emt 0:00:30]} 19. Qxc4 {[%emt 0:00:30]} Rfc8 {[%emt 0:01:30]} 20. Qb3 {[%emt 0:02:30]} Qxb3 {[%emt 0:03:30]} 21. axb3 {[%emt 0:00:30]} Rc2 {[%emt 0:00:30]} 22. Ra5 {[%emt 0:02:30]} Rac8 {[%emt 0:05:30]} 23. Rxa7 {[%emt 0:00:30]} Rxb2 {[%emt 0:00:30]} 24. Re7 {[%emt 0:06:30]} Rcc2 {[%emt 0:05:30]} 25. Rxe5 {[%emt 0:03:30]} Rxf2 {[%emt 0:00:30]} 26. Bh3 {[%emt 0:02:30]} Rxh2 {[%emt 0:02:30]} 27. Bf1 {[%emt 0:00:00]} Nh5 {[%emt 0:01:30]} 28. Re8+ {[%emt 0:02:00]} Kh7 {[%emt 0:00:30]} 29. Rd3 {[%emt 0:00:30]} Rhc2 {[%emt 0:07:30]} 30. Rf3 {[%emt 0:04:30]} Rc3 {[%emt 0:01:30]} 31. Rxf7 {[%emt 0:01:30]} Rxg3+ {[%emt 0:00:30]} 32. Kh1 {[%emt 0:00:30]} Rg5 {[%emt 0:04:02]} 33. e5 {[%emt 0:04:30]} Ng3+ {[%emt 0:02:03]} 34. Kg1 {[%emt 0:00:00]} Nf5+ {[%emt 0:00:15]} 35. Kh1 {[%emt 0:00:00]} Rb1 {[%emt 0:00:59]} 0-1

[Event "Istanbul Open 2019"]
[Site "Istanbul"]
[Date "2019.08.28"]
[Round "4.12"]
[White "Yilmaz, Turhan"]
[Black "Sar, Can"]
[Result "0-1"]
[WhiteElo "2199"]
[BlackElo "2003"]
[Annotator "NA"]
[PlyCount "76"]
[EventDate "2019.08.26"]
[EventType "swiss"]
[EventCountry "TUR"]
[SourceTitle "playchess.com"]
[Source "ChessBase"]
[SourceQuality "1"]
[TimeControl "5400+30"]

1. e4 {[%emt 0:03:30]} c5 {[%emt 0:00:30]} 2. Nc3 {[%emt 0:00:30]} g6 {[%emt 0:00:30]} 3. d3 {[%emt 0:00:00]} Bg7 {[%emt 0:00:30]} 4. Be3 {[%emt 0:00:00]} d6 {[%emt 0:00:30]} 5. Qd2 {[%emt 0:00:30]} Nc6 {[%emt 0:01:30]} 6. h3 {[%emt 0:05:30]} e5 {[%emt 0:03:30]} 7. g4 {[%emt 0:07:30]} Nge7 {[%emt 0:02:30]} 8. Bg2 {[%emt 0:04:30]} O-O {[%emt 0:00:30]} 9. Nge2 {[%emt 0:00:30]} Nd4 {[%emt 0:02:30]} 10. Ng3 {[%emt 0:06:30]} Be6 {[%emt 0:01:30]} 11. Nd5 {[%emt 0:00:30]} Bxd5 {[%emt 0:06:30]} 12. exd5 {[%emt 0:01:30]} f5 {[%emt 0:00:30]} 13. gxf5 {[%emt 0:00:30]} Nexf5 {[%emt 0:00:00]} 14. Nxf5 {[%emt 0:03:30]} Nxf5 {[%emt 0:01:00]} 15. Bg5 {[%emt 0:01:30]} Bf6 {[%emt 0:00:30]} 16. Bxf6 {[%emt 0:03:30]} Qxf6 {[%emt 0:00:30]} 17. Be4 {[%emt 0:00:30]} Nd4 {[%emt 0:00:30]} 18. Rh2 {[%emt 0:01:30]} Qf4 {[%emt 0:04:30]} 19. Qxf4 {[%emt 0:04:30]} Rxf4 {[%emt 0:00:00]} 20. Kd2 {[%emt 0:03:30]} Raf8 {[%emt 0:00:00]} 21. c3 {[%emt 0:00:30]} Rxe4 {[%emt 0:01:30]} 22. cxd4 {[%emt 0:00:00]} Rxd4 {[%emt 0:00:00]} 23. Ke3 {[%emt 0:01:00]} Rxd5 {[%emt 0:00:00]} 24. Rc1 {[%emt 0:00:30]} Rd4 {[%emt 0:00:30]} 25. a3 {[%emt 0:00:30]} b6 {[%emt 0:00:30]} 26. f3 {[%emt 0:01:30]} Rdf4 {[%emt 0:00:00]} 27. Rf2 {[%emt 0:00:30]} d5 {[%emt 0:00:00]} 28. b4 {[%emt 0:01:30]} cxb4 {[%emt 0:00:00]} 29. axb4 {[%emt 0:00:00]} Rxb4 {[%emt 0:01:00]} 30. Rc7 {[%emt 0:01:00]} Rf7 {[%emt 0:00:00]} 31. Rc8+ {[%emt 0:00:00]} Kg7 {[%emt 0:00:00]} 32. Rd8 {[%emt 0:00:00]} Rd4 {[%emt 0:01:30]} 33. Re8 {[%emt 0:00:00]} Kf6 {[%emt 0:01:30]} 34. Rc2 {[%emt 0:00:00]} Rf4 {[%emt 0:01:30]} 35. Rc6+ {[%emt 0:01:30]} Kg7 {[%emt 0:00:00]} 36. Rxe5 {[%emt 0:00:30]} Rxf3+ {[%emt 0:00:00]} 37. Kd4 {[%emt 0:00:30]} Rd7 {[%emt 0:02:30]} 38. Rc3 {[%emt 0:02:30]} Rxh3 {[%emt 0:00:30]} 0-1

[Event "Istanbul Open 2019"]
[Site "Istanbul"]
[Date "2019.08.28"]
[Round "4.13"]
[White "Grigoriev, Armen"]
[Black "Bayramov, Elvin"]
[Result "1/2-1/2"]
[WhiteElo "2017"]
[BlackElo "2198"]
[Annotator "ChessBase"]
[PlyCount "127"]
[EventDate "2019.08.26"]
[EventType "swiss"]
[EventCountry "TUR"]
[SourceTitle "playchess.com"]
[Source "ChessBase"]
[SourceQuality "1"]
[TimeControl "5400+30"]

1. d4 Nf6 2. Nf3 g6 3. g3 Bg7 4. Bg2 O-O 5. O-O d6 6. Nc3 c6 7. e4 Qc7 8. h3 e5 9. Bg5 exd4 10. Nxd4 Nbd7 11. Qd2 Ne5 12. b3 Re8 13. Rad1 a6 14. g4 Ned7 15. Bf4 Nc5 16. f3 Nfd7 17. Nde2 Be5 18. Be3 Qa5 19. f4 Bg7 20. Bd4 Bf8 21. a4 b5 22. axb5 axb5 23. Ng3 Bb7 24. Kh2 Ne6 25. Bg1 Bg7 26. Nce2 Qxd2 27. Rxd2 Bf8 28. e5 d5 29. c4 Bb4 30. Rc2 g5 31. fxg5 Nxe5 32. cxd5 cxd5 33. Nh5 Rec8 34. Rfc1 Rxc2 35. Rxc2 Nxg5 36. Nf6+ Kg7 37. Bxd5 Nef3+ 38. Kh1 Bxd5 39. Nxd5 Bd6 40. Rc6 Be5 41. Ne3 Nxh3 42. Nf5+ Kh8 43. Be3 Nhg5 44. Kg2 f6 45. Bxg5 Nxg5 46. Ned4 b4 47. Rc4 Kg8 48. Rxb4 Ra2+ 49. Kf1 Ne4 50. Rb7 Rf2+ 51. Ke1 Bxd4 52. Nxd4 Rg2 53. Nf5 Nc5 54. Rb8+ Kf7 55. b4 Nd3+ 56. Kd1 Nf2+ 57. Kc1 Nxg4 58. b5 Ke6 {[%emt 1:38:00]} 59. Nd4+ {[%emt 1:55:49]} Kd5 {[%emt 0:00:30]} 60. b6 {[%emt 0:00:30]} Ne5 {[%emt 0:03:47]} 61. b7 {[%emt 0:01:14]} Nd3+ {[%emt 0:01:09]} 62. Kd1 {[%emt 0:00:17]} Rb2 {[%emt 0:00:48]} 63. Rd8+ {[%emt 0:00:16]} Ke4 {[%emt 0:00:26]} 64. b8=Q {[%emt 0:00:38]} 1/2-1/2

[Event "Istanbul Open 2019"]
[Site "Istanbul"]
[Date "2019.08.28"]
[Round "4.14"]
[White "Mohannad, Farhan"]
[Black "Yasin, Hur"]
[Result "1-0"]
[WhiteElo "2151"]
[BlackElo "1906"]
[Annotator "NA"]
[PlyCount "87"]
[EventDate "2019.08.26"]
[EventType "swiss"]
[EventCountry "TUR"]
[SourceTitle "playchess.com"]
[Source "ChessBase"]
[SourceQuality "1"]
[TimeControl "5400+30"]

1. d4 {[%emt 0:00:30]} Nf6 {[%emt 0:12:30]} 2. c4 {[%emt 0:00:00]} e6 {[%emt 0:00:30]} 3. Nf3 {[%emt 0:00:00]} Bb4+ {[%emt 0:00:00]} 4. Bd2 {[%emt 0:00:00]} Be7 {[%emt 0:00:00]} 5. Nc3 {[%emt 0:00:00]} d5 {[%emt 0:00:30]} 6. cxd5 {[%emt 0:01:30]} exd5 {[%emt 0:00:00]} 7. Bg5 {[%emt 0:00:30]} O-O {[%emt 0:00:00]} 8. e3 {[%emt 0:00:00]} c6 {[%emt 0:06:30]} 9. Bd3 {[%emt 0:00:00]} Ne4 {[%emt 0:01:30]} 10. Bxe7 {[%emt 0:00:30]} Qxe7 {[%emt 0:00:00]} 11. Bxe4 {[%emt 0:00:30]} dxe4 {[%emt 0:00:00]} 12. Nd2 {[%emt 0:00:00]} f5 {[%emt 0:02:30]} 13. O-O {[%emt 0:01:00]} Be6 {[%emt 0:00:30]} 14. f3 {[%emt 0:01:30]} exf3 {[%emt 0:00:30]} 15. Qxf3 {[%emt 0:03:30]} Nd7 {[%emt 0:00:30]} 16. a3 {[%emt 0:15:30]} Nf6 {[%emt 0:00:30]} 17. Rae1 {[%emt 0:00:30]} Qd6 {[%emt 0:01:30]} 18. Qf4 {[%emt 0:03:30]} Rad8 {[%emt 0:03:30]} 19. Qxd6 {[%emt 0:01:30]} Rxd6 {[%emt 0:00:30]} 20. Na4 {[%emt 0:00:30]} b6 {[%emt 0:01:30]} 21. Rc1 {[%emt 0:05:30]} c5 {[%emt 0:09:30]} 22. Nf3 {[%emt 0:01:30]} c4 {[%emt 0:02:30]} 23. Nc3 {[%emt 0:05:30]} a6 {[%emt 0:00:30]} 24. Rcd1 {[%emt 0:01:30]} Re8 {[%emt 0:03:30]} 25. Rfe1 {[%emt 0:03:30]} Bc8 {[%emt 0:01:30]} 26. Ne5 {[%emt 0:04:30]} b5 {[%emt 0:00:30]} 27. a4 {[%emt 0:00:30]} Rb6 {[%emt 0:01:30]} 28. axb5 {[%emt 0:00:30]} axb5 {[%emt 0:00:30]} 29. Ra1 {[%emt 0:00:00]} Be6 {[%emt 0:06:30]} 30. Ra5 {[%emt 0:04:00]} Reb8 {[%emt 0:04:30]} 31. d5 {[%emt 0:03:30]} Bd7 {[%emt 0:05:30]} 32. Na2 {[%emt 0:05:30]} Re8 {[%emt 0:02:30]} 33. Nxd7 {[%emt 0:01:30]} Nxd7 {[%emt 0:00:30]} 34. Nb4 {[%emt 0:00:30]} Nf6 {[%emt 0:00:30]} 35. Rd1 {[%emt 0:11:30]} Rxe3 {[%emt 0:04:30]} 36. d6 {[%emt 0:00:30]} Rb7 {[%emt 0:01:30]} 37. Nc6 {[%emt 0:03:30]} g6 {[%emt 0:02:30]} 38. Nb4 {[%emt 0:05:16]} Rb3 {[%emt 0:00:30]} 39. Nd5 {[%emt 0:01:47]} Nd7 {[%emt 0:00:30]} 40. Re1 {[%emt 0:01:57]} Rd3 {[%emt 0:08:31]} 41. Re8+ {[%emt 0:03:35]} Nf8 {[%emt 0:00:44]} 42. Re7 {[%emt 0:03:31]} Rb8 {[%emt 0:03:19]} 43. Nf6+ {[%emt 0:00:31]} Kh8 {[%emt 0:00:02]} 44. Raa7 {[%emt 0:00:14]} 1-0

[Event "Istanbul Open 2019"]
[Site "Istanbul"]
[Date "2019.08.28"]
[Round "4.15"]
[White "Menekse, Tuncay"]
[Black "Kaya, Serkan"]
[Result "1-0"]
[WhiteElo "1684"]
[BlackElo "1549"]
[Annotator "NA"]
[PlyCount "105"]
[EventDate "2019.08.26"]
[EventType "swiss"]
[EventCountry "TUR"]
[SourceTitle "playchess.com"]
[Source "ChessBase"]
[SourceQuality "1"]
[TimeControl "5400+30"]

1. c4 {[%emt 0:03:30]} g6 {[%emt 0:00:30]} 2. g3 {[%emt 0:00:30]} Bg7 {[%emt 0:00:00]} 3. Nc3 {[%emt 0:00:00]} Nf6 {[%emt 0:00:00]} 4. Bg2 {[%emt 0:00:00]} c6 {[%emt 0:00:30]} 5. d4 {[%emt 0:01:30]} d5 {[%emt 0:00:30]} 6. cxd5 {[%emt 0:00:30]} cxd5 {[%emt 0:00:30]} 7. Qb3 {[%emt 0:00:30]} e6 {[%emt 0:01:30]} 8. Nf3 {[%emt 0:04:30]} Nc6 {[%emt 0:00:30]} 9. O-O {[%emt 0:00:30]} O-O {[%emt 0:00:30]} 10. a3 {[%emt 0:00:30]} Ne4 {[%emt 0:02:30]} 11. e3 {[%emt 0:00:30]} Nxc3 {[%emt 0:00:30]} 12. Qxc3 {[%emt 0:00:30]} Re8 {[%emt 0:02:30]} 13. Ne5 {[%emt 0:05:30]} Nxe5 {[%emt 0:00:30]} 14. dxe5 {[%emt 0:00:00]} Bd7 {[%emt 0:00:00]} 15. f4 {[%emt 0:00:00]} Qb6 {[%emt 0:01:00]} 16. Qd4 {[%emt 0:01:30]} Rec8 {[%emt 0:00:30]} 17. Bd2 {[%emt 0:00:00]} Rc4 {[%emt 0:00:30]} 18. Qxb6 {[%emt 0:00:00]} axb6 {[%emt 0:00:30]} 19. Bc3 {[%emt 0:00:30]} Bf8 {[%emt 0:00:30]} 20. Rfc1 {[%emt 0:01:30]} Rac8 {[%emt 0:01:30]} 21. Bf1 {[%emt 0:00:30]} R4c7 {[%emt 0:00:30]} 22. Bd3 {[%emt 0:00:30]} b5 {[%emt 0:02:30]} 23. Bd2 {[%emt 0:00:30]} Rxc1+ {[%emt 0:02:30]} 24. Rxc1 {[%emt 0:04:30]} Rxc1+ {[%emt 0:02:30]} 25. Bxc1 {[%emt 0:00:30]} b4 {[%emt 0:00:00]} 26. axb4 {[%emt 0:00:30]} Bxb4 {[%emt 0:00:00]} 27. Kf2 {[%emt 0:00:30]} Kf8 {[%emt 0:00:30]} 28. Ke2 {[%emt 0:00:00]} Ke7 {[%emt 0:00:30]} 29. Bd2 {[%emt 0:00:00]} Bc5 {[%emt 0:00:30]} 30. Bc3 {[%emt 0:00:30]} h6 {[%emt 0:05:30]} 31. b4 {[%emt 0:01:30]} Bb6 {[%emt 0:00:00]} 32. Bd4 {[%emt 0:00:30]} Bxd4 {[%emt 0:00:00]} 33. exd4 {[%emt 0:00:30]} b5 {[%emt 0:00:30]} 34. Kf3 {[%emt 0:00:00]} h5 {[%emt 0:01:30]} 35. h3 {[%emt 0:00:00]} Kf8 {[%emt 0:01:30]} 36. g4 {[%emt 0:05:30]} hxg4+ {[%emt 0:00:30]} 37. Kxg4 {[%emt 0:00:30]} Kg7 {[%emt 0:00:00]} 38. Kg5 {[%emt 0:00:30]} Be8 {[%emt 0:00:00]} 39. Be2 {[%emt 0:00:00]} Bd7 {[%emt 0:00:30]} 40. Bg4 {[%emt 0:01:00]} Be8 {[%emt 0:01:30]} 41. h4 {[%emt 0:00:30]} Bd7 {[%emt 0:00:30]} 42. Bf3 {[%emt 0:01:30]} Be8 {[%emt 0:01:30]} 43. f5 {[%emt 0:09:30]} Bc6 {[%emt 0:00:30]} 44. fxe6 {[%emt 0:01:30]} fxe6 {[%emt 0:00:30]} 45. Be2 {[%emt 0:00:00]} Bd7 {[%emt 0:00:30]} 46. Bd1 {[%emt 0:09:00]} Be8 {[%emt 0:09:30]} 47. Bc2 {[%emt 0:08:30]} Bf7 {[%emt 0:00:30]} 48. Bb1 {[%emt 0:00:30]} Be8 {[%emt 0:00:30]} 49. Bd3 {[%emt 0:00:00]} Kh7 {[%emt 0:01:30]} 50. h5 {[%emt 0:00:00]} Kg7 {[%emt 0:00:30]} 51. Bxg6 {[%emt 0:00:30]} Bxg6 {[%emt 0:01:30]} 52. hxg6 {[%emt 0:00:30]} Kg8 {[%emt 0:00:00]} 53. Kf6 {[%emt 0:00:30]} 1-0